000 00629nam a2200229Ia 4500
003 OSt
005 20220918191406.0
006 a|||||r|||| 00| 0
007 ta
008 220917b |||||||| |||| 00| 0 eng d
024 _a63,081
037 _cTextual
040 _aARTS
_cARTS
_beng
041 _2eng
_aeng
082 _aQ41:6xE50:9, 15198E7;1 (Q4)
100 _aDharmarama ed
_975983
245 0 _aDharma pradipika
_b a commentary on the Mahabodhivansa
260 _c1907
650 _aRELIGION
942 _hQ41:6xE50:9, 15198E7;1 (Q4)
_cTEXL
_2CC
999 _c189640
_d189640